=LDR 00000nam 2200000 4500 =001 INLIS000000000001748 =005 20130612090137 =008 ***********************************Ind** =035 ##$$0010-061300000001748 =041 ##$$a Ind =082 ##$$a 615 =090 ##$$a 615, Agu k =100 ##$$a Agus,Azwar H =245 ##$$a Kapita selekta farmakologi dan obat tradisional, H.Azwar Agus =260 ##$$a 1993 $b Bandung =300 ##$$a vi,255 hlm, ilus, 21 cm =650 ##$$a Farmakologi =850 ##$$a NBPNMAT